|
|
|
|
| LEADER |
01170nam a22002657a 4500 |
| 001 |
29293 |
| 003 |
BD-DhAAL |
| 005 |
20150527110649.0 |
| 008 |
150527s2009 cc ||||| |||| 00| 0 mul d |
| 020 |
|
|
|a 9787800528804
|
| 040 |
|
|
|a BD-DhAAL
|c BD-DhAAL
|
| 082 |
|
|
|2 22
|a 495.1/82421
|
| 999 |
|
|
|c 34544
|d 34544
|
| 999 |
|
|
|c 34378
|
| 245 |
|
|
|a 当代中文 : 课本. 1 = Contemporary Chinese :
|b textbook. Volume 1 /
|c Yvonne L. Walls, Jan W. Walls. ; 译文审订 Jerry Schmidt.
|
| 246 |
|
|
|a Dang dai Zhong wen : ke ben. 1 = Contemporary Chinese :
|b textbook. Volume 1
|
| 260 |
|
|
|a Beijing :
|b Sinolingua,
|c 2009
|
| 300 |
|
|
|a 1 v. :
|b illustrations ;
|c 26 cm.
|
| 500 |
|
|
|a Project of NOTCFL of the People's Republic of Bangladesh
|
| 541 |
|
|
|e 29293
|
| 650 |
|
|
|a Chinese language
|v English.
|x Textbooks for foreign speakers
|9 10925
|
| 700 |
|
|
|a zhu bian, Wu Zhongwei
|9 10926
|
| 852 |
|
|
|a Ayesha Abed Library
|b General Stacks
|
| 942 |
|
|
|2 ddc
|c BK
|
| 952 |
|
|
|0 0
|1 0
|2 ddc
|4 0
|6 495_182421000000000_CON
|7 0
|9 53942
|a BRACUL
|b BRACUL
|d 2015-05-27
|e BRAC Institute of Language
|l 1
|m 22
|o 495.182421 CON
|p 3010029293
|r 2026-03-04
|s 2025-09-21
|t 1
|w 2015-05-27
|y BK
|x Transferred from BIL to BRACUL on 06/06/22
|